| 000 | 01604nam0a2200373 4500 | ||
|---|---|---|---|
| 001 | RU\NLR\bibl\128517 | ||
| 005 | 20250617103919.0 | ||
| 010 |
_a5-306-00023-1 _95000 |
||
| 021 |
_aRU _b2000-40738 _91874 |
||
| 021 |
_aRU _b2000-41277 _91904 |
||
| 035 | _a(NLR Aleph) 000125909 | ||
| 090 |
_a718130 _c718130 |
||
| 100 | _a20001204d2000 |||y0rusy50 ca | ||
| 101 | 1 |
_arus _cger |
|
| 102 | _aRU | ||
| 105 | _ac ||||||||| | ||
| 200 | 1 |
_aМастер Страшного Суда _e[Сб. _eПер. с нем.] _fЛео Перуц _g[Сост., предисл., подгот. текста, избр. прим. и общ. ред. Р.В. Грищенкова] |
|
| 210 |
_aСПб. _cКристалл _d2000 |
||
| 215 |
_a1150,[1] с. _cпортр. _d21 |
||
| 225 | 1 | _aБиблиотека мировой литературы | |
| 327 | 1 | _aСодерж.: Прыжок в неизвестное; Маркиз де Болибар; Мастер Страшного Суда; Парикмахер Тюрлюпэн; Снег Святого Петра; Шведский всадник; Ночи под Каменным мостом | |
| 675 |
_a821.112.2-31Перуц _v3 _zrus |
||
| 686 |
_a17.82 _2rugasnti |
||
| 686 |
_a84(4Гем)-44 _2rubbk |
||
| 686 | _aШ6(4А)67-44 | ||
| 700 | 1 |
_4070 _7ca _8rus _aПеруц _bЛ. _cписатель _f1882-1957 _gЛео _9192372 _3RU\NLR\AUTH\770192423 |
|
| 801 | 0 |
_aRU _bRKP _c20001204 _gPSBO |
|
| 801 | 1 |
_aRU _bRKP _c20001204 |
|
| 801 | 2 |
_aRU _bNLR _c20010209 _grcr |
|
| 852 |
_aNLR _j2000-3/17619 |
||
| 942 | _cBOOK | ||
| 980 | _aNB | ||